1969 1993 1817 1167 1707 1579 1174 1550 1176 2000 1835 1132 1757 1609 1347 1066 1854 1152 1229 1940 1265 1690 1039 1135 1477 1313 1231 1700 1904 1327 1744 1567 1454 1267 1039 1618 1725 1743 1547 1980 1013 1335 1739 1233 1343 1894 1955 1685 1179 1090 1157 1523 1016 1647 1144 1589 1920 1404 1960 1302 1197 1390 1656 1561 1026 1054 1360 1066 1843 1942 1339 1146 1454 1919 1187 1716 1416 1537 1180 1908 1750 1390 1539 1488 1170 1370 1960 1769 1067 1828 1909 1639 1649 1396 1274 1036 1266 1134 1884 BCNSPRNW ULIB Ver.6.0+V

เปลี่ยนเป็นภาษาไทย

Change to English
 แสดงรายละเอียดบรรณานุกรม
  กลับหน้าหลัก

Brief Record : Get Marc (ISO 2709) : E-mail record : QR code < ปิดหน้าต่าง
LEADER : 00000nam 2200000uu 4500
001    13399127791
003     ULIB
008    210914s2562||||th 000 0 tha d
020    ^a9789740326519
050  4 ^aHA62^bย351ห
100 0  ^aยุทธ ไกยวรรณ์
245 10 ^aหลักสถิติวิจัยและการใช้โปรแกรม spss/^cยุทธ ไกยวรรณ์
250    ^aพิมพ์ครั้งที่ 6
260    ^aกรุงเทพฯ :^bสำนักพิมพ์แห่งจุฬาลงกรณ์มหาวิทยาลัย,^c2562
300    ^a563 หน้า :^bภาพประกอบ
650  4 ^aวิจัย
650  4 ^aวิจัย^xระเบียบวิธีทางสถิติ
650  4 ^aวิจัย^xสถิติ
650  4 ^aสถิติ
650  4 ^aสถิติวิเคราะห์
650  4 ^aสถิติศาสตร์
650  4 ^aสังคมศาสตร์^xระเบียบวิธีทางสถิติ
650  4 ^aเอสพีเอสเอส (โปรแกรมคอมพิวเตอร์)
945    ^p355^l0^i28907
945    ^p355^l0^i28908
995    ^aกัณชพร
999 ^a ใช้งานได้ทุกระบบ
รายการนี้ยังไม่มีแท็ก
คุณยังไม่ได้ล็อกอิน คุณสามารถมีกิจกรรมร่วมกับเว็บไซต์ได้ แต่ต้องล็อกอินก่อน ::
  ล็อกอิน

รายการสื่อสารสนเทศ

ลำดับที่ ประเภท เลขเรียก/บาร์โค้ด สถานที่ สถานะ
1. หนังสือสำรอง
หนังสือสำรอง
HA62 ย351ห ฉ.1 
  Barcode: 28907
ห้องสมุดวิทยาเขตนครสวรรค์
►หนังสือทั่วไป:l:General Books
บนชั้น
2. วิทยาศาสตร์การแพทย์ และสุขภาพ
วิทยาศาสตร์การแพทย์ และสุขภาพ
HA62 ย351ห ฉ.2 
  Barcode: 28908
ห้องสมุดวิทยาเขตนครสวรรค์
►หนังสือทั่วไป:l:General Books
บนชั้น

รายการใกล้เคียง
    ผู้แต่ง [ยุทธ ไกยวรรณ์]

    หัวเรื่อง [วิจัย]
    หัวเรื่อง [สถิติ]
    หัวเรื่อง [สถิติวิเคราะห์]
    หัวเรื่อง [สถิติศาสตร์]
    หัวเรื่อง [เอสพีเอสเอส (โปรแกรมคอมพิวเตอร์)]

BibComment


ยังไม่เคยถูกคอมเมนท์

คอมเมนท์ทรัพยากรรายการนี้
  คอมเมนท์: หลักสถิติวิจัยแล..


 Copyright 2026. Bcnsprnw @Library